000 00938nas a2200241 a 4500
999 _c20168
_d20168
005 20180424065605.0
008 180423s2015 ko u|m|r|||| 00| 0 eng d
040 _aCO-BoIAVH
_cCO-BoIAVH
041 0 _aeng
044 _ako
245 0 0 _aFungal Flora of Korea
260 _aIncheon (Corea del Sur) :
_bNational Institutte of Biological Resources,
_c2015.
300 _bilustraciones (algunas a color) ;
_c28 cm.
310 _au
321 _az
500 _aSerie Flora and Fauna of Korea
650 2 6 _aFlora
_zCorea del Sur
_vPublicaciones periódicas
650 2 6 _aFlora
_xTaxonomía
_zCorea del Sur
_vPublicaciones periódicas
650 2 6 _aBotánica
_zCorea del Sur
_vPublicaciones periódicas
650 2 6 _aFitogenética
_zCorea del Sur
_vPublicaciones periódicas
710 2 _aRepública de Corea
_bMinistry of Environment
_bNational Institute of Biological Resources
942 _2z
_cREVISTA